000 00957nam a2200325Ia 4500
001 Para_7482
003 CHAP
008 220125s1934 xx 000 0 und d
010 _a206369
040 _cCHAP
082 _aPA-C 632 B85
100 _aMcGregor, E. A.
_973575
245 _aThe red spider on cotton and hor to control it /
_c by E. A. McGregor
260 _aWashington :
_b USDA
300 _a12 p.
440 _aFarmer bulletin : 831
_9172667
500 _aEnc. con impresos similares
650 _aAlgoton
_x plagas
_9172668
650 _aFitopatología
_x colecciones de escritos
_9172523
650 _aTetranychus bimaulatas
_9172669
650 _aTetranychus telaris
_9172670
710 _aEUA. Department of Agriculture
_938805
901 _aPA-C 632 B85
902 _aA
905 _a0000001934 a 0000000000 00
910 _a1934
942 _cPARA
942 _cPARA
_d1
999 _c206369
_d206369